Can Organic Agriculture Cope Without Copper for Disease Control? : Synthesis of the Collective Scientific Assessment Report.

Bibliographic Details
Main Author: Andrivon, Didier.
Other Authors: Savini, Isabelle.
Format: eBook
Language:English
Published: Versailles : Quae, 2019.
Series:Matière à débattre et Décider Series
Subjects:
Online Access:Click to View
LEADER 02060nam a22003733i 4500
001 EBC6734072
003 MiAaPQ
005 20231204023218.0
006 m o d |
007 cr cnu||||||||
008 231204s2019 xx o ||||0 eng d
020 |a 9782759231560  |q (electronic bk.) 
035 |a (MiAaPQ)EBC6734072 
035 |a (Au-PeEL)EBL6734072 
035 |a (OCoLC)1281968207 
040 |a MiAaPQ  |b eng  |e rda  |e pn  |c MiAaPQ  |d MiAaPQ 
100 1 |a Andrivon, Didier. 
245 1 0 |a Can Organic Agriculture Cope Without Copper for Disease Control? :  |b Synthesis of the Collective Scientific Assessment Report. 
264 1 |a Versailles :  |b Quae,  |c 2019. 
264 4 |c ©2023. 
300 |a 1 online resource (140 pages) 
336 |a text  |b txt  |2 rdacontent 
337 |a computer  |b c  |2 rdamedia 
338 |a online resource  |b cr  |2 rdacarrier 
490 1 |a Matière à débattre et Décider Series 
505 0 |a Intro -- Table des matières -- Can organic agriculture cope without copper for disease control? -- Introduction -- - Background -- Chapter 2 - Alternative methods to the use of copper -- Chapter 3 - Agronomic management of crop health risks -- Chapter 4 - Introducing alternative levers and practices - into integrated protection systems -- Chapter 5 - Overall conclusions -- Selected bibliography -- Annex. The literature corpus analyzed -- ESCo authors and editors. 
588 |a Description based on publisher supplied metadata and other sources. 
590 |a Electronic reproduction. Ann Arbor, Michigan : ProQuest Ebook Central, 2023. Available via World Wide Web. Access may be limited to ProQuest Ebook Central affiliated libraries.  
655 4 |a Electronic books. 
700 1 |a Savini, Isabelle. 
776 0 8 |i Print version:  |a Andrivon, Didier  |t Can Organic Agriculture Cope Without Copper for Disease Control?  |d Versailles : Quae,c2019 
797 2 |a ProQuest (Firm) 
830 0 |a Matière à débattre et Décider Series 
856 4 0 |u https://ebookcentral.proquest.com/lib/matrademy/detail.action?docID=6734072  |z Click to View